00618cam a22002291a 4500001001300000003000400013005001700017008004100034010001700075035001900092040002500111042001200136050002000148100003100168245003800199250001700237260003300254300003700287500002900324651001800353999001700371sa 64000001 DLC20260227111952.0830727s1959 ii b b 000 0 eng  asa 64000001  a(OCoLC)9744562 aDLCcOOxMdOOxMdDLC apremarc00aDS461b.S7 19591 aSrivastava, Ashirbadi Lal.14aThe Mughal empire, 1526-1803 A.D. a3rd rev. ed. aAgra,bS.L. Agarwalac[1959] axvi, 614 p.bfold. maps.c23 cm. aIncludes bibliographies. 0aMogul Empire. c55963d55963